000 00370nam a2200145 i 4500
001 bg
100 1 _aMYERS, Alan L.
245 0 _aObliczenia komputerowe w inżynierii chemicznej /
_cA. Myers, S.D. Warren.
260 _aWarszawa,
_c1979.
700 1 _aWARREN, D. Seider
040 _cBPK
041 _apol
942 _cKS
008 s pl f |000 0 pol
999 _c18628
_d18628
856 _uhttp://koha.tu.koszalin.pl/cgi-bin/koha/opac-detail.pl?biblionumber=18628
_yKatalog online BPK